000 00843nam a2200253 4500
003 OSt
005 20260530115312.0
008 260501t2010 mx a|||| |||| 00| 0 spa d
020 _a9786074610406
040 _aOTC
_bspa
_cOTC
041 _aspa
050 4 _aNC998.6.M6
_bD59
100 1 _aGiovanni Tronconi
_932989
245 0 0 _aDiseño gráfico en México, 100 años :
_b1900-2000 /
_cGiovanni Troconi ; Luis Almeida [ y otros once]
264 1 _aMéxico, D.F. :
_bArtes de México :
_bUAM,
_c2010
300 _a463 páginas .:
_bilustraciones
336 _atexto
_2rdacontent
337 _asin medio
_2rdamedia
338 _avolumen
_2rdacarrier
650 _aArte comercial
_vCatalogos
_zMexico
_932990
700 1 _aTroconi, Giovanni,
_eeditor
_96131
700 1 _aAlmeida, Luis,
_d1946-
_ecolaborador
_932991
942 _2lcc
_cBK
_n1
999 _c13412
_d13412